La vocación humana

Saved in:
Bibliografiske detaljer
Hovedforfatter: Nicol, Eduardo (autor)
Format: Bog
Sprog:spansk
Udgivet: Ciudad de México El Colegio de México 1953
Fag:
Tags: Tilføj Tag
Ingen Tags, Vær først til at tagge denne postø!

MARC

LEADER 00000nam a2200000 a 4500
001 UCZ1242
003 CL-VaPUC
005 20250108095049.0
008 950817e19530000MX |||||||||||||||||spa|d
999 |c 238025  |d 238023 
040 |c Pontificia Universidad Católica de Valparaíso 
082 0 4 |a 196.1  |b NIC  |2 21 
100 |a Nicol, Eduardo  |e autor  |9 313784 
245 1 3 |a La vocación humana 
260 |a Ciudad de México  |b El Colegio de México  |c 1953 
300 |a 352 p 
583 |a last modification  |c 19950817 00:00:00  |k Rodrigo Vera 
650 0 |a Antropología filosófica  |9 265842 
650 0 |a Filosofía española   |9 254895 
942 |c BK  |2 ddc 
945 |d 19950817 00:00:00  |a aalvarez 
952 |0 0  |1 0  |4 0  |6 196_100000000000000_NIC_1953  |7 0  |8 P  |9 247921  |a BIBEDU  |b BIBEDU  |c BIBEDU_PB  |d 2019-11-18  |i 3122964  |o 196.1 NIC 1953  |p 3122964  |r 2024-01-25  |w 2019-11-18  |y BK  |k FIL